[Event "TCh-TUR Super League 2023"]
[Site "Ankara TUR"]
[Date "2023.07.11"]
[Round "2.5"]
[Board "4"]
[White "Erturan, Yakup"]
[Black "Huseyinoglu, Alihan"]
[Result "1/2-1/2"]
[WhiteTitle "IM"]
[BlackTitle "IM"]
[WhiteElo "2363"]
[BlackElo "2261"]
[WhiteTeam "DARUSSAFAKA"]
[BlackTeam "HUKUKCU FENERBAHCELILER SPOR VE KULTUR K"]
[WhiteFideId "6301410"]
[BlackFideId "14202875"]
[EventDate "2023.07.10"]

1. d4 Nf6 2. c4 e6 3. Nf3 c5 4. g3 cxd4 5. Nxd4 d5 6. Bg2 e5 7. Nf3 d4 8. O-O
Nc6 9. e3 Be7 10. exd4 exd4 11. b3 O-O 12. Bb2 Bc5 13. a3 a5 14. b4 axb4 15.
axb4 Rxa1 16. Bxa1 Bxb4 17. Nxd4 Nxd4 18. Qxd4 Qxd4 19. Bxd4 Rd8 20. Bc3 Be7 21.
Nd2 Rd3 22. Rc1 b6 23. Bf1 Rd8 24. Nb3 Ne4 25. Bd4 Be6 26. Be3 b5 27. Nd4 Bxc4
28. Bxc4 bxc4 29. Nc6 Re8 30. Nxe7+ Rxe7 31. Rxc4 Re8 1/2-1/2

[Event "TCh-TUR Super League 2023"]
[Site "Ankara TUR"]
[Date "2023.07.11"]
[Round "2.5"]
[Board "5"]
[White "Caglar, Sila"]
[Black "Fataliyeva, Ulviyya"]
[Result "0-1"]
[WhiteTitle "WIM"]
[BlackTitle "IM"]
[WhiteElo "2235"]
[BlackElo "2401"]
[WhiteTeam "HUKUKCU FENERBAHCELILER SPOR VE KULTUR K"]
[BlackTeam "DARUSSAFAKA"]
[WhiteFideId "6364063"]
[BlackFideId "13403052"]
[EventDate "2023.07.10"]

1. e4 e5 2. Nf3 Nc6 3. Bb5 a6 4. Ba4 Nf6 5. O-O Be7 6. Bxc6 dxc6 7. d3 Qd6 8.
Nbd2 Be6 9. b3 Nd7 10. Bb2 c5 11. Qe2 f6 12. Rfd1 Nf8 13. c3 Bg4 14. h3 Bh5 15.
d4 exd4 16. cxd4 Ne6 17. e5 fxe5 18. dxc5 Qxc5 19. Rac1 Qb5 20. Qe3 O-O 21. a4
Qe8 22. g4 Bg6 23. Bxe5 Ba3 24. Ra1 Bc5 25. Qc3 a5 26. Nd4 Rd8 27. Nc4 Bxd4 28.
Bxd4 Nf4 29. Qe3 Qc6 30. f3 Nxh3+ 31. Kg2 Rxf3 32. Ne5 Rxe3+ 33. Nxc6 Nf4+ 34.
Kf2 Re2+ 35. Kf3 bxc6 36. Be3 Rxe3+ 37. Kxe3 Nd5+ 38. Kd4 Bc2 39. Rf1 Nb4+ 40.
Ke5 Bxb3 41. Ra3 Re8+ 0-1

[Event "TCh-TUR Super League 2023"]
[Site "Ankara TUR"]
[Date "2023.07.11"]
[Round "2.5"]
[Board "6"]
[White "Isik, Alparslan"]
[Black "Gokcek, Kursat Bugra"]
[Result "1-0"]
[WhiteTitle "IM"]
[BlackTitle "CM"]
[WhiteElo "2478"]
[BlackElo "2160"]
[WhiteTeam "DARUSSAFAKA"]
[BlackTeam "HUKUKCU FENERBAHCELILER SPOR VE KULTUR K"]
[WhiteFideId "34506896"]
[BlackFideId "34507833"]
[EventDate "2023.07.10"]

1. d4 Nf6 2. Nf3 d5 3. c4 e6 4. g3 Be7 5. Bg2 O-O 6. O-O a5 7. Qc2 Nc6 8. a3
dxc4 9. Qxc4 a4 10. Nc3 Bd7 11. Bf4 Na5 12. Qxc7 Qxc7 13. Bxc7 Nb3 14. Rad1 Rac8
15. Be5 Bxa3 16. Nxa4 Bb4 17. Nb6 Bb5 18. Nxc8 Rxc8 19. d5 Bxe2 20. dxe6 fxe6
21. Nd4 Bxf1 22. Kxf1 Rd8 23. Bh3 Nc5 24. Rc1 Kf7 25. Rc4 Nd5 26. Ke2 g5 27. Bg2
Na6 28. Nc2 Bd6 29. Bd4 Rd7 30. Ne3 Nac7 31. Ng4 Rd8 32. Be4 h5 33. Ne5+ Ke7 34.
h4 g4 35. Bg6 Nb5 36. Nf7 Rg8 37. Bxh5 Nxd4+ 38. Rxd4 Bc5 39. Rc4 b6 40. Ng5 Nf6
41. Bxg4 Nxg4 42. Rxg4 Rf8 43. f3 Ra8 44. Kd3 Ra1 45. Re4 Rd1+ 46. Kc2 Rd6 47.
Rf4 Be3 48. Rf7+ Ke8 49. Rc7 1-0

[Event "TCh-TUR Super League 2023"]
[Site "Ankara TUR"]
[Date "2023.07.11"]
[Round "2.6"]
[Board "1"]
[White "Mamedov, Rauf"]
[Black "Yakubboev, Nodirbek"]
[Result "1/2-1/2"]
[WhiteTitle "GM"]
[BlackTitle "GM"]
[WhiteElo "2636"]
[BlackElo "2640"]
[WhiteTeam "APAYDIN SATRANC VE"]
[BlackTeam "KARAMAN FUTBOL KULUBU"]
[WhiteFideId "13401653"]
[BlackFideId "14203987"]
[EventDate "2023.07.10"]

1. e4 e5 2. Nf3 Nc6 3. Nc3 Nf6 4. Bb5 Bc5 5. O-O O-O 6. Nxe5 Nxe5 7. d4 Bd6 8.
f4 Neg4 9. e5 Be7 10. f5 d6 11. exf6 Nxf6 12. Qf3 Kh8 13. Qg3 Nh5 14. Qf3 Nf6
15. Qg3 Nh5 16. Qf3 Nf6 17. Qg3 Nh5 18. Qf3 1/2-1/2

[Event "TCh-TUR Super League 2023"]
[Site "Ankara TUR"]
[Date "2023.07.11"]
[Round "2.6"]
[Board "2"]
[White "Daneshvar, Bardiya"]
[Black "Safarli, Eltaj"]
[Result "1/2-1/2"]
[WhiteTitle "GM"]
[BlackTitle "GM"]
[WhiteElo "2577"]
[BlackElo "2607"]
[WhiteTeam "KARAMAN FUTBOL KULUBU"]
[BlackTeam "APAYDIN SATRANC VE"]
[WhiteFideId "12576468"]
[BlackFideId "13402129"]
[EventDate "2023.07.10"]

1. c4 Nf6 2. Nc3 c5 3. g3 Nc6 4. Bg2 e6 5. Nf3 d5 6. cxd5 Nxd5 7. O-O Be7 8. d4
O-O 9. e4 Nb6 10. dxc5 Qxd1 11. Rxd1 Bxc5 12. a3 e5 13. Nd5 Bg4 14. Be3 Nd4 15.
Bxd4 Bxd4 16. Nxb6 Bxb6 17. h3 Bxf3 18. Bxf3 Rfd8 19. Kf1 Kf8 1/2-1/2

[Event "TCh-TUR Super League 2023"]
[Site "Ankara TUR"]
[Date "2023.07.11"]
[Round "2.6"]
[Board "3"]
[White "Akbas, Umut Ata"]
[Black "Aydincelebi, Kagan"]
[Result "1-0"]
[WhiteTitle "IM"]
[BlackTitle "FM"]
[WhiteElo "2401"]
[BlackElo "2280"]
[WhiteTeam "APAYDIN SATRANC VE"]
[BlackTeam "KARAMAN FUTBOL KULUBU"]
[WhiteFideId "44572646"]
[BlackFideId "6361102"]
[EventDate "2023.07.10"]

1. d4 d5 2. c4 dxc4 3. e4 e5 4. Nf3 Bb4+ 5. Nc3 Nf6 6. Nxe5 b5 7. Bg5 h6 8. Bxf6
Qxf6 9. Be2 Bb7 10. O-O Bxc3 11. bxc3 O-O 12. Qb1 Qb6 13. a4 a6 14. Re1 Re8 15.
Bh5 g6 16. Bg4 bxa4 17. Qc1 Qf6 18. Qxh6 Rxe5 19. dxe5 Qxe5 20. h4 Nc6 21. h5
Ne7 22. hxg6 fxg6 23. Rxa4 Bd5 24. Qe3 Bf7 25. Be2 Qb5 26. Rb4 Qc6 27. Qd4 a5
28. Rxc4 1-0

[Event "TCh-TUR Super League 2023"]
[Site "Ankara TUR"]
[Date "2023.07.11"]
[Round "2.6"]
[Board "4"]
[White "Makaraci, Tunahan"]
[Black "Durak, Can"]
[Result "0-1"]
[BlackTitle "FM"]
[WhiteElo "2296"]
[BlackElo "2310"]
[WhiteTeam "KARAMAN FUTBOL KULUBU"]
[BlackTeam "APAYDIN SATRANC VE"]
[WhiteFideId "6356559"]
[BlackFideId "44552971"]
[EventDate "2023.07.10"]

1. e4 c5 2. Nf3 Nc6 3. c3 Nf6 4. e5 Nd5 5. Bc4 Nb6 6. Bb3 d5 7. exd6 Qxd6 8. O-O
Be6 9. Bxe6 Qxe6 10. a4 Qd7 11. a5 Nd5 12. a6 b6 13. d4 cxd4 14. Nxd4 Rd8 15.
Nxc6 Qxc6 16. Qe2 e6 17. Na3 Bxa3 18. Rxa3 O-O 19. c4 Ne7 20. Be3 Nf5 21. Rc3
Qa4 22. c5 Nxe3 23. fxe3 bxc5 24. Rxc5 Rd6 25. Rc7 Qxa6 26. Qf3 Rd5 27. Rxf7
Qxf1+ 28. Qxf1 Rxf7 29. Qe2 h6 30. h3 Rd6 31. Qc4 Rb6 32. b3 Rfb7 33. h4 h5 34.
Kh2 Kh7 35. Qe4+ g6 36. Qc4 e5 37. Qd5 Rb5 38. Qe6 a5 39. e4 Rxb3 40. Qxe5 a4
41. Qa5 a3 42. e5 Re3 43. Qa6 Re7 44. e6 R7xe6 45. Qa7+ Re7 46. Qa5 Kg7 47. Qa6
R7e4 48. Qa7+ Kh6 49. g3 Re2+ 50. Kh3 a2 51. Qa5 Kh7 52. Qa7+ Re7 53. Qa8 Rc7
54. Qa6 Rc1 55. Qa7+ Kh6 0-1

[Event "TCh-TUR Super League 2023"]
[Site "Ankara TUR"]
[Date "2023.07.11"]
[Round "2.6"]
[Board "5"]
[White "Buksa, Nataliya"]
[Black "Abdulla, Khayala"]
[Result "1-0"]
[WhiteTitle "IM"]
[BlackTitle "WGM"]
[WhiteElo "2365"]
[BlackElo "2229"]
[WhiteTeam "APAYDIN SATRANC VE"]
[BlackTeam "KARAMAN FUTBOL KULUBU"]
[WhiteFideId "14123622"]
[BlackFideId "13401807"]
[EventDate "2023.07.10"]

1. e4 e5 2. Nf3 Nc6 3. Bb5 a6 4. Ba4 d6 5. O-O Bd7 6. c4 Nf6 7. Nc3 Bg4 8. d3
Be7 9. Be3 O-O 10. h3 Bh5 11. Nd5 Nd7 12. g4 Bg6 13. b4 Nf6 14. Kg2 h5 15. Ng1
hxg4 16. hxg4 b5 17. Bb3 Rb8 18. a3 Qd7 19. Nxf6+ Bxf6 20. Qf3 Nd8 21. Qh3 Re8
22. Nf3 Ne6 23. Rh1 Kf8 24. g5 Bd8 25. cxb5 axb5 26. Qg3 c6 27. Nh4 Bb6 28. Nf5
Bxf5 29. exf5 Nf4+ 30. Bxf4 Qxf5 31. Bd2 Ke7 32. Qf3 Qg6 33. Rac1 d5 34. a4 bxa4
35. Bxa4 Rec8 36. b5 Ra8 37. Bb3 f5 38. bxc6 e4 39. dxe4 fxe4 1-0

[Event "TCh-TUR Super League 2023"]
[Site "Ankara TUR"]
[Date "2023.07.11"]
[Round "2.6"]
[Board "6"]
[White "Ipek, Egehan"]
[Black "Taspinar, Yanki"]
[Result "1-0"]
[WhiteTitle "FM"]
[BlackTitle "FM"]
[WhiteElo "2258"]
[BlackElo "2302"]
[WhiteTeam "KARAMAN FUTBOL KULUBU"]
[BlackTeam "APAYDIN SATRANC VE"]
[WhiteFideId "44523793"]
[BlackFideId "34561188"]
[EventDate "2023.07.10"]

1. d4 d5 2. c4 e6 3. Nf3 Nf6 4. Nc3 dxc4 5. e4 b5 6. e5 Nd5 7. Nxb5 Nb6 8. Be3
Bb4+ 9. Nc3 Bb7 10. Be2 Nc6 11. O-O O-O 12. Qc2 Be7 13. Qe4 Kh8 14. Rad1 Rb8 15.
Qg4 Nb4 16. Nd2 Ba6 17. Nde4 N6d5 18. Bc1 Nd3 19. b3 Nxc3 20. Nxc3 c5 21. dxc5
Qa5 22. Bd2 Qxc5 23. Ne4 Qc6 24. Bc3 Rbd8 25. Nd6 Qc5 26. Qg3 Bxd6 27. exd6 e5
28. Bxd3 cxd3 29. Qxe5 Qxe5 30. Bxe5 d2 31. Rxd2 Bxf1 32. Kxf1 Rd7 33. Bd4 Rxd6
34. Bxg7+ Kxg7 35. Rxd6 Rc8 36. Ra6 Rc7 37. Ke2 Rc2+ 38. Ke3 Rc3+ 39. Kf4 Rc7
40. h4 Re7 41. g4 h6 42. f3 f6 43. b4 Kf7 44. a4 Kg7 45. b5 Rd7 46. Kf5 1-0

[Event "TCh-TUR Super League 2023"]
[Site "Ankara TUR"]
[Date "2023.07.12"]
[Round "3.1"]
[Board "1"]
[White "Yakubboev, Nodirbek"]
[Black "Sychev, Klementy"]
[Result "1-0"]
[WhiteTitle "GM"]
[BlackTitle "GM"]
[WhiteElo "2640"]
[BlackElo "2540"]
[WhiteTeam "KARAMAN FUTBOL KULUBU"]
[BlackTeam "TAS DUVAR"]
[WhiteFideId "14203987"]
[BlackFideId "4114060"]
[EventDate "2023.07.10"]

1. e4 e5 2. Nf3 Nf6 3. Nxe5 d6 4. Nf3 Nxe4 5. Nc3 Nxc3 6. dxc3 Be7 7. Be3 O-O 8.
Qd2 Nd7 9. O-O-O Nf6 10. a3 Bf5 11. Nd4 Bg6 12. Ne2 Ng4 13. Ng3 Nxe3 14. Qxe3
Bg5 15. f4 Bh6 16. Be2 Qf6 17. Rhf1 Qe6 18. Qd4 Qa2 19. Qb4 a5 20. Qb3 Qxb3 21.
cxb3 Rae8 22. Rd4 Bf5 23. Nxf5 Rxe2 24. g4 f6 25. h4 Kh8 26. Rd2 Ree8 27. Rdf2
Rf7 28. Rf3 Ref8 29. Kd1 d5 30. Ke2 Re8+ 31. Kf2 g6 32. Nxh6 Rfe7 33. f5 1-0

[Event "TCh-TUR Super League 2023"]
[Site "Ankara TUR"]
[Date "2023.07.12"]
[Round "3.1"]
[Board "2"]
[White "Visakh, N R"]
[Black "Daneshvar, Bardiya"]
[Result "1-0"]
[WhiteTitle "GM"]
[BlackTitle "GM"]
[WhiteElo "2536"]
[BlackElo "2577"]
[WhiteTeam "TAS DUVAR"]
[BlackTeam "KARAMAN FUTBOL KULUBU"]
[WhiteFideId "25012223"]
[BlackFideId "12576468"]
[EventDate "2023.07.10"]

1. e4 c5 2. Nf3 e6 3. b3 a6 4. Bb2 Nc6 5. c4 Nf6 6. e5 Ng4 7. g3 Nh6 8. Nc3 Nf5
9. Ne4 d5 10. exd6 Bxd6 11. Nxd6+ Qxd6 12. Bg2 f6 13. O-O O-O 14. b4 cxb4 15. d4
Rb8 16. a3 b5 17. d5 exd5 18. cxd5 bxa3 19. Bxa3 Nb4 20. Nd2 a5 21. Nb3 Qb6 22.
Nxa5 Qxa5 23. Qd2 Rf7 24. Bxb4 Qb6 25. d6 Bb7 26. Rfd1 Bxg2 27. Kxg2 Qb7+ 28.
Qd5 Rd8 29. d7 Nd6 30. Bxd6 Qxd5+ 31. Rxd5 Rfxd7 32. Rad1 b4 33. R5d4 b3 34. Bc5
Rxd4 35. Rxd4 1-0

[Event "TCh-TUR Super League 2023"]
[Site "Ankara TUR"]
[Date "2023.07.12"]
[Round "3.1"]
[Board "3"]
[White "Aydincelebi, Kagan"]
[Black "Samani, Yamac"]
[Result "1/2-1/2"]
[WhiteTitle "FM"]
[BlackTitle "FM"]
[WhiteElo "2280"]
[BlackElo "2375"]
[WhiteTeam "KARAMAN FUTBOL KULUBU"]
[BlackTeam "TAS DUVAR"]
[WhiteFideId "6361102"]
[BlackFideId "6352634"]
[EventDate "2023.07.10"]

1. e4 e5 2. Nf3 Nc6 3. Bb5 a6 4. Ba4 Nf6 5. O-O Nxe4 6. d4 b5 7. Bb3 d5 8. dxe5
Be6 9. Be3 Bc5 10. Qd3 O-O 11. Nbd2 Bxe3 12. Qxe3 Nxd2 13. Qxd2 Qd7 14. Rad1
Rad8 15. Rfe1 Ne7 16. Qb4 a5 17. Qxa5 c5 18. a3 Bg4 19. Qc3 c4 20. Ba2 Nc6 21.
Qe3 Rfe8 22. h3 d4 23. Qf4 Bxf3 24. Qxf3 Rxe5 25. Rxe5 Nxe5 26. Qf4 Ng6 27. Qf3
Ne5 28. Qf4 Ng6 29. Qf3 Ne5 30. Qf4 Ng6 1/2-1/2

[Event "TCh-TUR Super League 2023"]
[Site "Ankara TUR"]
[Date "2023.07.12"]
[Round "3.1"]
[Board "4"]
[White "Karagollu, Ahmet"]
[Black "Makaraci, Tunahan"]
[Result "1-0"]
[WhiteElo "2175"]
[BlackElo "2296"]
[WhiteTeam "TAS DUVAR"]
[BlackTeam "KARAMAN FUTBOL KULUBU"]
[WhiteFideId "6307825"]
[BlackFideId "6356559"]
[EventDate "2023.07.10"]

1. e4 c5 2. Nf3 Nc6 3. Bb5 g6 4. O-O Bg7 5. Bxc6 dxc6 6. d3 e5 7. a4 a5 8. Be3
b6 9. Nbd2 f6 10. Nc4 Be6 11. Nfd2 Ne7 12. f4 exf4 13. Bxf4 O-O 14. Qf3 Nc8 15.
Qg3 Ra7 16. Rae1 Raf7 17. Kh1 Qd7 18. b3 g5 19. Be3 h6 20. Rf2 f5 21. exf5 Bxf5
22. Nf3 Qd5 23. Bd2 Bh7 24. Rfe2 Qd8 25. Nce5 Bxe5 26. Rxe5 Bf5 27. h4 Rg7 28.
hxg5 hxg5 29. Kg1 Qf6 30. Bxg5 Qg6 31. R1e2 Nd6 32. Qh4 Nf7 33. Re7 Rh7 34. Qc4
b5 35. axb5 cxb5 36. Qd5 Rh5 37. Bd2 Qh7 38. Re8 Bg4 39. Qa8 Rh1+ 40. Kf2 Bxf3
41. Rxf8+ Kg7 42. Rxf7+ Kxf7 43. Qxf3+ 1-0

[Event "TCh-TUR Super League 2023"]
[Site "Ankara TUR"]
[Date "2023.07.12"]
[Round "3.1"]
[Board "5"]
[White "Abdulla, Khayala"]
[Black "Nurmanova, Alua"]
[Result "1-0"]
[WhiteTitle "WGM"]
[BlackTitle "WIM"]
[WhiteElo "2229"]
[BlackElo "2183"]
[WhiteTeam "KARAMAN FUTBOL KULUBU"]
[BlackTeam "TAS DUVAR"]
[WhiteFideId "13401807"]
[BlackFideId "13729390"]
[EventDate "2023.07.10"]

1. e4 e5 2. Nf3 Nc6 3. Bb5 a6 4. Ba4 Nf6 5. d3 d6 6. c3 g6 7. O-O Bg7 8. Re1 O-O
9. Nbd2 b5 10. Bc2 Kh8 11. a4 Rb8 12. axb5 axb5 13. Nf1 Ng8 14. Ng3 Nge7 15. Bb3
h6 16. Be3 Kh7 17. d4 exd4 18. cxd4 Bg4 19. Ng5+ hxg5 20. Qxg4 Bh6 21. Rec1 Kg7
22. h4 f6 23. hxg5 fxg5 24. Ne2 Nb4 25. Rc3 Nc8 26. d5 Rf7 27. e5 dxe5 28. Qxb4
Nd6 29. Ng3 Qd7 30. Rac1 Rc8 31. Rc6 g4 32. Bxh6+ Kxh6 33. Qd2+ Kg7 34. Qg5 Re7 1-0

[Event "TCh-TUR Super League 2023"]
[Site "Ankara TUR"]
[Date "2023.07.12"]
[Round "3.1"]
[Board "6"]
[White "Tarlabasi, Emirhan"]
[Black "Ipek, Egehan"]
[Result "1-0"]
[WhiteTitle "FM"]
[BlackTitle "FM"]
[WhiteElo "2301"]
[BlackElo "2258"]
[WhiteTeam "TAS DUVAR"]
[BlackTeam "KARAMAN FUTBOL KULUBU"]
[WhiteFideId "6350275"]
[BlackFideId "44523793"]
[EventDate "2023.07.10"]

1. d4 d5 2. c4 c6 3. Nf3 Nf6 4. e3 Bf5 5. Nc3 e6 6. Nh4 Bg6 7. Be2 Nbd7 8. O-O
Ne4 9. g3 Be7 10. Nxg6 hxg6 11. cxd5 exd5 12. Nxe4 dxe4 13. Qb3 Nb6 14. f3 exf3
15. Bxf3 Qd7 16. Bg2 Bf6 17. Bd2 O-O 18. a4 Rfe8 19. a5 Nd5 20. Kh1 Ne7 21. e4
Rf8 22. Rad1 Qxd4 23. Bb4 Qe5 24. Bd6 Qg5 25. h4 Qxa5 26. Rxf6 gxf6 27. Bxe7 Qe5
28. Bxf8 Rxf8 29. Rd7 g5 30. Rxb7 Kg7 31. Rxa7 gxh4 32. Qf3 hxg3 33. Qg4+ Kh7
34. Ra3 f5 35. Qh4+ 1-0

[Event "TCh-TUR Super League 2023"]
[Site "Ankara TUR"]
[Date "2023.07.12"]
[Round "3.2"]
[Board "2"]
[White "Safarli, Eltaj"]
[Black "Kadric, Denis"]
[Result "1/2-1/2"]
[WhiteTitle "GM"]
[BlackTitle "GM"]
[WhiteElo "2607"]
[BlackElo "2601"]
[WhiteTeam "APAYDIN SATRANC VE"]
[BlackTeam "DARUSSAFAKA"]
[WhiteFideId "13402129"]
[BlackFideId "14403803"]
[EventDate "2023.07.10"]

1. e4 e5 2. Nf3 Nf6 3. d4 Nxe4 4. dxe5 Bc5 5. Bc4 Nxf2 6. Bxf7+ Kxf7 7. Qd5+ Kg6
8. Qxc5 Nxh1 9. Nc3 h6 10. Qc4 Kh7 11. Qe4+ Kg8 12. Qc4+ Kh7 13. Nd5 Re8 14.
Bxh6 gxh6 15. O-O-O Re6 16. Nxc7 d5 17. exd6 Nf2 18. Nxe6 Bxe6 19. Qxe6 Nxd1 20.
Qf7+ Kh8 21. Nh4 Qxh4 22. Qf8+ Kh7 23. Qf7+ Kh8 24. Qf8+ Kh7 25. Qf7+ Kh8 26.
Qf8+ Kh7 27. Qf7+ Kh8 28. Qf8+ Kh7 29. Qf7+ Kh8 30. Qf8+ Kh7 1/2-1/2

[Event "TCh-TUR Super League 2023"]
[Site "Ankara TUR"]
[Date "2023.07.12"]
[Round "3.2"]
[Board "3"]
[White "Aghamaliyev, Cemil"]
[Black "Akbas, Umut Ata"]
[Result "1/2-1/2"]
[WhiteTitle "GM"]
[BlackTitle "IM"]
[WhiteElo "2482"]
[BlackElo "2401"]
[WhiteTeam "DARUSSAFAKA"]
[BlackTeam "APAYDIN SATRANC VE"]
[WhiteFideId "13400215"]
[BlackFideId "44572646"]
[EventDate "2023.07.10"]

1. e4 e5 2. Nf3 Nc6 3. Bb5 a6 4. Ba4 Nf6 5. Nc3 Bc5 6. d3 d6 7. h3 b5 8. Bb3 Na5
9. O-O Nxb3 10. axb3 O-O 11. Bg5 Bb7 12. Kh1 Re8 13. Nh2 h6 14. Be3 Bd4 15. Ng4
Bxc3 16. bxc3 d5 17. Nxf6+ Qxf6 18. f3 Qg6 19. Qe1 f5 20. exf5 Qxf5 21. Qh4 Re6
22. b4 Rae8 23. Rae1 Qg6 24. Qg4 Qxg4 25. fxg4 d4 26. cxd4 exd4 27. Bf2 Re2 28.
Kg1 Rxe1 29. Rxe1 Rxe1+ 30. Bxe1 Bd5 1/2-1/2

[Event "TCh-TUR Super League 2023"]
[Site "Ankara TUR"]
[Date "2023.07.12"]
[Round "3.2"]
[Board "4"]
[White "Agdelen, Huseyin Can"]
[Black "Erturan, Yakup"]
[Result "1/2-1/2"]
[WhiteTitle "FM"]
[BlackTitle "IM"]
[WhiteElo "2404"]
[BlackElo "2363"]
[WhiteTeam "APAYDIN SATRANC VE"]
[BlackTeam "DARUSSAFAKA"]
[WhiteFideId "6352260"]
[BlackFideId "6301410"]
[EventDate "2023.07.10"]

1. e4 e5 2. Nf3 Nc6 3. Bb5 a6 4. Ba4 Nf6 5. O-O Be7 6. Re1 b5 7. Bb3 d6 8. c3
O-O 9. h3 Nd7 10. d4 Bf6 11. a4 Bb7 12. d5 Ne7 13. Be3 Qb8 14. c4 bxc4 15. Bxc4
c6 16. Nc3 cxd5 17. Nxd5 Bxd5 18. Bxd5 Nxd5 19. Qxd5 Be7 20. Nd2 Nf6 21. Qd3 Rd8
22. Bg5 d5 23. Bxf6 dxe4 24. Qxe4 Bxf6 25. Nc4 Rd4 26. Qc6 Qe8 27. Qxe8+ Rxe8
28. b3 h5 29. Rad1 Rb8 30. Rxd4 exd4 31. Rb1 d3 32. Kf1 Bc3 33. Rd1 Rd8 34. Nd2
Bb4 35. Nf3 f6 36. Ne1 d2 37. Nc2 Bc3 38. Ne3 a5 39. Ke2 Kf7 40. g4 h4 41. Nc4
Re8+ 42. Ne3 Bb4 43. Kd3 Kg6 44. Nd5 Rd8 45. Kc4 Rc8+ 46. Kd3 Rd8 47. Kc4 Rc8+ 1/2-1/2

[Event "TCh-TUR Super League 2023"]
[Site "Ankara TUR"]
[Date "2023.07.12"]
[Round "3.2"]
[Board "5"]
[White "Fataliyeva, Ulviyya"]
[Black "Buksa, Nataliya"]
[Result "0-1"]
[WhiteTitle "IM"]
[BlackTitle "IM"]
[WhiteElo "2401"]
[BlackElo "2365"]
[WhiteTeam "DARUSSAFAKA"]
[BlackTeam "APAYDIN SATRANC VE"]
[WhiteFideId "13403052"]
[BlackFideId "14123622"]
[EventDate "2023.07.10"]

1. c4 e6 2. Nf3 d5 3. e3 Nf6 4. Nc3 c5 5. cxd5 Nxd5 6. Bc4 Be7 7. O-O O-O 8. Qe2
Nc6 9. Rd1 a6 10. d4 Nxc3 11. bxc3 Qc7 12. e4 b5 13. Bd3 e5 14. Nxe5 Nxe5 15.
dxe5 c4 16. Bc2 Qxe5 17. Be3 Qxc3 18. Bd4 Qa5 19. e5 Be6 20. f4 Rad8 21. Qf2 f5
22. exf6 Bxf6 23. Bxf6 Rxf6 24. Rxd8+ Qxd8 25. Rd1 Qc8 26. Be4 Rf8 27. Rd6 Bf5
28. Bd5+ Kh8 29. Rc6 Qd7 30. Rc5 Rc8 31. h3 c3 32. Kh2 c2 33. Qe3 Rxc5 34. Qxc5
Qc8 0-1

[Event "TCh-TUR Super League 2023"]
[Site "Ankara TUR"]
[Date "2023.07.12"]
[Round "3.2"]
[Board "6"]
[White "Durak, Can"]
[Black "Isik, Alparslan"]
[Result "1/2-1/2"]
[WhiteTitle "FM"]
[BlackTitle "IM"]
[WhiteElo "2310"]
[BlackElo "2478"]
[WhiteTeam "APAYDIN SATRANC VE"]
[BlackTeam "DARUSSAFAKA"]
[WhiteFideId "44552971"]
[BlackFideId "34506896"]
[EventDate "2023.07.10"]

1. d4 Nf6 2. c4 e6 3. Nc3 Bb4 4. e3 O-O 5. Bd2 d5 6. Nf3 b6 7. Rc1 Bb7 8. cxd5
exd5 9. Bd3 Be7 10. O-O c5 11. Ne5 Nc6 12. Be1 Bd6 13. f4 cxd4 14. Nxc6 Bxc6 15.
Ne2 Bd7 16. Nxd4 Qe7 17. Nc2 Bc5 18. Qf3 Rfe8 19. Bf2 Bg4 20. Qg3 Qd7 21. Be1
Bf5 22. Bxf5 Qxf5 23. Bc3 Re4 24. b4 Bf8 25. Bd4 Rc8 26. Na3 Rxc1 27. Rxc1 Bxb4
28. Nb5 h6 29. Nxa7 Ba3 30. Rd1 Bc5 31. Nb5 Bxd4 32. Nxd4 Qg4 33. Qxg4 Nxg4 34.
Nf5 g6 35. h3 gxf5 36. hxg4 fxg4 37. Rxd5 Rxe3 38. Kh2 Ra3 39. Rb5 Kg7 40. Rxb6
h5 41. Rb5 Kh6 42. Rb6+ Kg7 43. Rb5 Kg6 44. Rg5+ Kh6 45. Rf5 h4 46. Rxf7 Rxa2
47. Rf6+ Kh7 48. Rf5 h3 49. Rh5+ 1/2-1/2

[Event "TCh-TUR Super League 2023"]
[Site "Ankara TUR"]
[Date "2023.07.12"]
[Round "3.3"]
[Board "1"]
[White "Mendonca, Leon Luke"]
[Black "Demchenko, Anton"]
[Result "1/2-1/2"]
[WhiteTitle "GM"]
[BlackTitle "GM"]
[WhiteElo "2627"]
[BlackElo "2623"]
[WhiteTeam "BURSA BUYUKSEHIR BELEDIYE SPOR KULUBU"]
[BlackTeam "HUKUKCU FENERBAHCELILER SPOR VE KULTUR K"]
[WhiteFideId "35028561"]
[BlackFideId "4160258"]
[EventDate "2023.07.10"]

1. d4 Nf6 2. c4 e6 3. Nf3 d5 4. e3 Be7 5. Nc3 O-O 6. a3 Nbd7 7. c5 c6 8. b4 b6
9. Bd3 bxc5 10. dxc5 a5 11. Bd2 e5 12. Be2 Qc7 13. O-O Ba6 14. Qc2 Rfb8 15. Rfb1
h6 16. h3 Qc8 17. Ra2 Bxe2 18. Nxe2 Qa6 19. Nc1 Bd8 20. Rab2 axb4 21. axb4 Qb5
22. Bc3 Bc7 23. Nd2 Re8 24. Ncb3 Nf8 25. Nf3 Ng6 26. Qe2 Qb8 27. Bd2 Qc8 28. b5
cxb5 29. Qxb5 Qf5 30. c6 Reb8 31. Qf1 Qe6 32. Qc1 Rb6 33. Rc2 Qd6 34. Ba5 Rxa5
35. Nxa5 Rxb1 36. Qxb1 Bxa5 37. Qb7 Bc7 38. Ra2 e4 39. Nd4 Qh2+ 40. Kf1 Kh7 41.
Ra7 Ne5 42. Qxc7 Qh1+ 43. Ke2 Nd3 44. Qa5 Qxg2 45. Qc3 Qxf2+ 46. Kd1 Ne8 47. Rd7
Nc7 48. Rxc7 Qg1+ 49. Kc2 Qh2+ 50. Kd1 Qg1+ 51. Kc2 Qh2+ 52. Kd1 1/2-1/2